Criminal Procedure/ (Record no. 1431198)

MARC details
000 -LEADER
fixed length control field 00764nam a22002537a 4500
005 - DATE AND TIME OF LATEST TRANSACTION
control field 20250529122648.0
008 - FIXED-LENGTH DATA ELEMENTS--GENERAL INFORMATION
fixed length control field 250529b |||||||| |||| 00| 0 eng d
037 ## - SOURCE OF ACQUISITION
Terms of availability TB
040 ## - CATALOGING SOURCE
Original cataloging agency LCT
Transcribing agency LCT
Modifying agency LCT
041 ## - LANGUAGE CODE
Source of code eng
Language code of text/sound track or separate title eng
Language code of original eng
084 ## - COLON CLASSIFICATION NUMBER
Classification number Z,7, 15 R2
100 ## - MAIN ENTRY--PERSONAL NAME
Personal name Kelkar, R V
9 (RLIN) 784428
245 ## - TITLE STATEMENT
Title Criminal Procedure/
250 ## - EDITION STATEMENT
Edition statement 7th ed.
260 ## - PUBLICATION, DISTRIBUTION, ETC.
Place of publication, distribution, etc. Lucknow, India:
Name of publisher, distributor, etc. Eastern Book Company(EBC),
Date of publication, distribution, etc. 2022
300 ## - PHYSICAL DESCRIPTION
Extent cxi, 944p.
650 ## - SUBJECT ADDED ENTRY--TOPICAL TERM
Topical term or geographic name entry element Criminal Courts
9 (RLIN) 784429
650 ## - SUBJECT ADDED ENTRY--TOPICAL TERM
Topical term or geographic name entry element Criminal Law (Amendment) Act, 2018
9 (RLIN) 784430
650 ## - SUBJECT ADDED ENTRY--TOPICAL TERM
Topical term or geographic name entry element Criminal Procedure
9 (RLIN) 784431
650 ## - SUBJECT ADDED ENTRY--TOPICAL TERM
Topical term or geographic name entry element Criminal Cases
9 (RLIN) 784432
650 ## - SUBJECT ADDED ENTRY--TOPICAL TERM
Topical term or geographic name entry element Offences
9 (RLIN) 784433
650 ## - SUBJECT ADDED ENTRY--TOPICAL TERM
Topical term or geographic name entry element Pre-trial Proceedings
9 (RLIN) 784434
942 ## - ADDED ENTRY ELEMENTS (KOHA)
Source of classification or shelving scheme Colon Classification (CC)
Koha item type Textbook
Classification part Z,7, 15 R2
Suppress in OPAC No
Holdings
Withdrawn status Lost status Source of classification or shelving scheme Damaged status Not for loan Collection Home library Current library Shelving location Date acquired Source of acquisition Cost, normal purchase price Inventory number Total Checkouts Full call number Barcode Date last seen Price effective from Koha item type
    Colon Classification (CC)     Non-fiction Law Centre-II Library Law Centre-II Library General Stacks 2025-05-29 Singhal Publication 995.00 2951/29.12.2022   Z,7, 15 R2 LT0028213 2025-05-29 2025-05-29 Textbook
    Colon Classification (CC)     Non-fiction Law Centre-II Library Law Centre-II Library General Stacks 2025-05-29 Singhal Publication 995.00 2951/29.12.2022   Z,7, 15 R2 LT0028214 2025-05-29 2025-05-29 Textbook
    Colon Classification (CC)     Non-fiction Law Centre-II Library Law Centre-II Library General Stacks 2025-05-29 Singhal Publication 995.00 2951/29.12.2022   Z,7, 15 R2 LT0028215 2025-05-29 2025-05-29 Textbook
    Colon Classification (CC)     Non-fiction Law Centre-II Library Law Centre-II Library General Stacks 2025-05-29 Singhal Publication 995.00 2951/29.12.2022   Z,7, 15 R2 LT0028216 2025-05-29 2025-05-29 Textbook
    Colon Classification (CC)     Non-fiction Law Centre-II Library Law Centre-II Library General Stacks 2025-05-29 Singhal Publication 995.00 2951/29.12.2022   Z,7, 15 R2 LT0028217 2025-05-29 2025-05-29 Textbook
    Colon Classification (CC)     Non-fiction Law Centre-II Library Law Centre-II Library General Stacks 2025-05-29 Singhal Publication 995.00 2951/29.12.2022   Z,7, 15 R2 LT0028218 2025-05-29 2025-05-29 Textbook
    Colon Classification (CC)     Non-fiction Law Centre-II Library Law Centre-II Library General Stacks 2025-05-29 Singhal Publication 995.00 2951/29.12.2022   Z,7, 15 R2 LT0028219 2025-05-29 2025-05-29 Textbook
    Colon Classification (CC)     Non-fiction Law Centre-II Library Law Centre-II Library General Stacks 2025-05-29 Singhal Publication 995.00 2951/29.12.2022   Z,7, 15 R2 LT0028220 2025-05-29 2025-05-29 Textbook
    Colon Classification (CC)     Non-fiction Law Centre-II Library Law Centre-II Library General Stacks 2025-05-29 Singhal Publication 995.00 2951/29.12.2022   Z,7, 15 R2 LT0028221 2025-05-29 2025-05-29 Textbook
    Colon Classification (CC)     Non-fiction Law Centre-II Library Law Centre-II Library General Stacks 2025-05-29 Singhal Publication 995.00 2951/29.12.2022   Z,7, 15 R2 LT0028222 2025-05-29 2025-05-29 Textbook
    Colon Classification (CC)     Non-fiction Law Centre-II Library Law Centre-II Library General Stacks 2025-05-29 Singhal Publication 1045.00 2503/29.01.2024   Z,7, 15 R2 LT0028631 2025-06-03 2025-05-29 Textbook
    Colon Classification (CC)     Non-fiction Law Centre-II Library Law Centre-II Library General Stacks 2025-05-29 Singhal Publication 1045.00 2503/29.01.2024   Z,7, 15 R2 LT0028632 2025-06-03 2025-05-29 Textbook
    Colon Classification (CC)     Non-fiction Law Centre-II Library Law Centre-II Library General Stacks 2025-05-29 Singhal Publication 1045.00 2503/29.01.2024   Z,7, 15 R2 LT0028633 2025-06-03 2025-05-29 Textbook
    Colon Classification (CC)     Non-fiction Law Centre-II Library Law Centre-II Library General Stacks 2025-05-29 Singhal Publication 1045.00 2503/29.01.2024   Z,7, 15 R2 LT0028634 2025-06-03 2025-05-29 Textbook
    Colon Classification (CC)     Non-fiction Law Centre-II Library Law Centre-II Library General Stacks 2025-05-29 Singhal Publication 1045.00 2503/29.01.2024   Z,7, 15 R2 LT0028635 2025-06-03 2025-05-29 Textbook
Copyright @ Delhi University Library System